| 000 | 00831nam a2200241Ia 4500 | ||
|---|---|---|---|
| 003 | OSt | ||
| 005 | 20250902143540.0 | ||
| 008 | 241129s9999||||xx |||||||||||||| ||und|| | ||
| 020 | _a978-93-87199-18-7 | ||
| 037 | _aTB | ||
| 040 |
_aCRL _bhin _cCRL |
||
| 041 |
_asah _2hin |
||
| 084 |
_aO15,1D65,1:g 152Q9 _qCRL |
||
| 100 |
_aमाघ, ले. _9819745 |
||
| 245 | 0 |
_aशिशुपाल वध महाकाव्यम् _cमाघ, ले. |
|
| 260 |
_aवाराणसी, भारत _bकला प्रकाशन _c2019 |
||
| 300 | _a140पृ0 | ||
| 365 |
_aINR _b500 |
||
| 546 | _aTranslated from Sanskrit to Hindi | ||
| 650 | _aसंस्कृत कविता; संस्कृत साहित्य | ||
| 942 |
_cTB _hO15,1D65,1:g 152Q9 _2CC _n0 |
||
| 999 |
_c1228364 _d1228364 |
||